Analýza teoretických prístupov k národnému inovačnému systému

Salvato in:
Dettagli Bibliografici
Autore principale: Zajac, Štefan
Natura: Libro
Lingua:slovacco
Pubblicazione: Bratislava Prognostický ústav SAV 1994
Edizione:1. vyd.
Serie:Pracovné materiály č. 10
Soggetti:
Tags: Aggiungi Tag
Nessun Tag, puoi essere il primo ad aggiungerne!!

MARC

LEADER 00000nam a2200000 4500
001 c010114
005 20230323125614.4
041 0 |a slo 
044 |a SK 
245 1 0 |a Analýza teoretických prístupov k národnému inovačnému systému  |c Štefan Zajac 
250 |a 1. vyd. 
264 1 |a Bratislava  |b Prognostický ústav SAV  |c 1994 
300 |a 27 s. 
490 1 |a Pracovné materiály  |v č. 10 
830 0 |a Pracovné materiály  |v č. 10 
610 2 0 |a inovácia 
610 2 0 |a politika hospodárska 
610 2 0 |a rozvoj síl výrobných 
610 2 0 |a štruktúra ekonomiky odvetvová 
610 2 0 |a Slovensko 
610 2 0 |a hospodárstvo národné 
100 1 |a Zajac, Štefan